The teen in control !
| Main Author: | |
|---|---|
| Format: | Book |
| Published: |
s.l. :
The Urbane Academy Pte. Ltd. ,
2008
|
| Subjects: |
MARC
| LEADER | 00000cam a2200000 7i4500 | ||
|---|---|---|---|
| 001 | 0000140509 | ||
| 005 | 20121011.0 | ||
| 020 | |a 9789834181147 | ||
| 090 | 0 | 0 | |a 306.70835 |b DAS |
| 100 | 1 | |a Das, Georgianna | |
| 245 | 1 | 4 | |a The teen in control ! |c Georgianna Das |
| 260 | |a s.l. : |b The Urbane Academy Pte. Ltd. , |c 2008 | ||
| 300 | |a 163p. ; |c 22cm. | ||
| 650 | 0 | 0 | |a Teenagers |x Sexual behavior |
| 999 | |a 00236324 |b BUKU |c PINJAMAN |e PERPUSTAKAAN KOMUNITI PETALING JAYA | ||